Online
Catalog

Que nos tengan en cuenta : (Record no. 2234)

MARC details
000 -CABECERA
campo de control de longitud fija 00882cam a2200241 a 4500
001 - NÚMERO DE CONTROL
campo de control 000002396
005 - FECHA Y HORA DE LA ÚLTIMA TRANSACCIÓN
campo de control 20200929150207.0
008 - DATOS DE LONGITUD FIJA--INFORMACIÓN GENERAL
campo de control de longitud fija 951120s1995 ck ab 000 0 spa d
020 ## - NÚMERO INTERNACIONAL ESTÁNDAR DEL LIBRO
Número Internacional Estándar del Libro 9586122115
040 ## - FUENTE DE LA CATALOGACIÓN
Centro catalogador/agencia de origen DO-SdBNP
Centro/agencia transcriptor DLC
Centro/agencia modificador DLC
082 ## - NÚMERO DE LA CLASIFICACIÓN DECIMAL DEWEY
Número de clasificación 325.3
Número de documento/Ítem T736q
100 1# - ENTRADA PRINCIPAL--NOMBRE DE PERSONA
Nombre de persona Tovar Pinzón, Hermes,
Fechas asociadas al nombre 1941-
9 (RLIN) 7609
245 10 - MENCIÓN DE TÍTULO
Título Que nos tengan en cuenta :
Resto del título colonos, empresarios y aldeas. Colombia 1800-1900 /
Mención de responsabilidad, etc. Hermes Tovar Pinzón.
260 ## - PUBLICACIÓN, DISTRIBUCIÓN, ETC.
Lugar de publicación, distribución, etc. Santafé de Bogotá :
Nombre del editor, distribuidor, etc. Colcultura ,
Fecha de publicación, distribución, etc. 1995.
300 ## - DESCRIPCIÓN FÍSICA
Extensión 256 p. :
Otras características físicas il., maps. ;
Dimensiones 21 cm.
586 ## - NOTA DE PREMIOS
Nota de premios Premios Nacionales de Cultura, 1994
650 #4 - PUNTO DE ACCESO ADICIONAL DE MATERIA--TÉRMINO DE MATERIA
Término de materia o nombre geográfico como elemento de entrada Uso de tierra
Subdivisión general Colombia
Subdivisión cronológica SIGLO XIX
9 (RLIN) 7610
650 #4 - PUNTO DE ACCESO ADICIONAL DE MATERIA--TÉRMINO DE MATERIA
Término de materia o nombre geográfico como elemento de entrada Colonización de tierras
Subdivisión geográfica Colombia
Subdivisión cronológica SIGLO XIX
9 (RLIN) 7611
651 #4 - PUNTO DE ACCESO ADICIONAL DE MATERIA--NOMBRE GEOGRÁFICO
Nombre geográfico Tolima (Colombia{Rpara}
Subdivisión general Colonización
Subdivisión cronológica SIGLO XIX-XX
9 (RLIN) 7612
910 ## - DATOS DE OPCIÓN DEL USUARIO (OCLC)
Datos de opción del usuario Catalogación por copia / LC
910 ## - DATOS DE OPCIÓN DEL USUARIO (OCLC)
Datos de opción del usuario Jornada de catalogación
910 ## - DATOS DE OPCIÓN DEL USUARIO (OCLC)
Datos de opción del usuario WM
Holdings
Estado de retiro Estado de pérdida Restricciones de uso No para préstamo Código de colección Localización permanente Ubicación/localización actual Ubicación en estantería Fecha de adquisición Número de inventario Total de préstamos Signatura topográfica completa Código de barras Fecha visto por última vez Precio válido a partir de Tipo de ítem Koha
    Préstamo interno   Monografías: Libros y Folletos General General Depósito 07.07.2009 LF1   325.3 T736q 2396-10 25.06.2020 25.06.2020 Préstamo interno

Powered by Koha